Island Countries by First Letter - Statistics

General Stats
  • This quiz has been taken 631 times
  • The average score is 16 of 18
Answer Stats
Hint Answer % Correct
T Taiwan + 3
98%
C Cape Verde + 3
97%
M Madagascar + 4
97%
S Saint Kitts and Nevis + 8
97%
B Bahamas + 3
96%
J Jamaica + 1
96%
P Palau + 2
96%
I Iceland + 2
95%
N Nauru + 1
95%
V Vanuatu
95%
F F. S. Micronesia + 1
94%
A Antigua and Barbuda
92%
H Haiti
91%
D Dominica + 1
89%
K Kiribati
89%
G Grenada
84%
U United Kingdom
72%
E East Timor
65%
No matching quizzes found
Score Distribution
Percent of People with Each Score
Percentile by Number Answered
Your Score History
You have not taken this quiz